Countries Whose Borders Can Link Alphabetically - Statistics

General Stats
  • This quiz has been taken 12 times
    10 since last reset
  • The average score is 11 of 25
Answer Stats
Answer % Correct
Armenia Azerbaijan
100%
Libya Algeria
67%
Mauritania Algeria
67%
Namibia Angola
67%
North Macedonia Albania
67%
Russia Azerbaijan
67%
Bolivia Argentina
50%
Central African Republic Cameroon
50%
Central African Republic Chad
50%
China Afghanistan
50%
Georgia Armenia
50%
Sweden Norway
50%
Tunisia Algeria
50%
Cameroon Nigeria
33%
Georgia Azerbaijan
33%
Israel Lebanon
33%
Mozambique Eswatini
33%
Zambia Angola
33%
Benin Niger
17%
Benin Nigeria
17%
Luxembourg Germany
17%
Mali Ivory Coast
17%
Slovakia Austria
17%
Slovenia Austria
17%
United Arab Emirates Saudi Arabia
17%
No matching quizzes found
Score Distribution
Percent of People with Each Score
Percentile by Number Answered
Your Score History
You have not taken this quiz since the last reset